=LDR 00000nam 2200000 4500 =001 INLIS000000000047383 =005 20200210024553 =035 ##$$a 0010-101500000000094 =008 200210################g##########0#ind## =020 ##$$a 979-731-060-4 =082 ##$$a 005.104 =100 ##$$a Hartanto, Budi =245 1#$$a Memahami logika pembuatan program C secara mudah /$c Budi Hartanto =260 ##$$a Yogyakarta :$b ANDI,$c 2004 =300 ##$$a xviii,498 hlm. : $b ilus. ; $c 16x23 cm. =084 ##$$a 005.104 HAR m =650 #4$$a Program C ( Program Komputer ) =504 ##$$a Indeks : hlm. 495 - 498 =600 #4$$a Logika =990 ##$$a 20402650 =990 ##$$a 20402649